Score 0/21 Timer 02:30
0 Plays Today
Clue 4-Letter Word % Correct
Alternative to a showerBATH
98.7%
Put goods onto a truckLOAD
93.1%
Stuck out like a ___ thumbSORE
92.8%
'The ___'s Prayer'LORD
92.5%
Absorb a book's contentsREAD
91.4%
Monica's brother on 'Friends'ROSS
91.2%
To hit repeatedlyBASH
91.1%
A striped fishBASS
89.8%
Femur or clavicle, e.g.BONE
89.2%
Traditional knowledgeLORE
88.1%
Michael Scott, on 'The Office'BOSS
87.8%
Clue 4-Letter Word % Correct
Mark Wahlberg's '___ Survivor'LONE
87.7%
• A way to walk or drive from here to there ••ROAD•
86.6%
• A way to walk or drive from here to there ••PATH•
85.6%
Between a red and a whiteROSÉ
85%
A fish that's all by itself?SOLE
71.5%
• A way to walk or drive from here to there ••LANE•
70.6%
Tear apartREND
68.4%
FunctionROLE
67.6%
Observe carefully, in Latin: nota ___BENE
62%
Artist MagritteRENÉ
61%

Today's Daily Dose

Remove Ads.
Support Sporcle.
Get the best of Sporcle when you Go Orange. This ad-free experience offers more features, more stats, and more fun while also helping to support Sporcle. Thank you for becoming a member.

You're not logged in!

Compare scores with friends on all Sporcle quizzes.
OR
Log In

Show Comments

Extras

Top Quizzes Today


Score Distribution

Your Account Isn't Verified!

In order to create a playlist on Sporcle, you need to verify the email address you used during registration. Go to your Sporcle Settings to finish the process.

Report this User

Report this user for behavior that violates our Community Guidelines.

Details: